Rhymes With Oak Quiz Stats

 Plays Quiz Updated Jun 12, 2018

Also try: Rhymes With Home
Challenge
Share
Tweet
Embed
Score 0/24 Timer 04:00
7 Plays Today
% Correct
poke
93.3%
soak
88.4%
coke
88.1%
toke
87.9%
woke
86.8%
joke
84.7%
broke
83.9%
bloke
80.7%
cloak
80.4%
croak
78.7%
stoke
73%
choke
69.4%
% Correct
folk
69%
yoke
68.6%
hoke
68%
spoke
63.6%
yolk
62.9%
moke
57.1%
smoke
53.1%
stroke
49.1%
soke
40.2%
toque
5.1%
roque
4.3%
yogh
1.2%

You're not logged in!

Compare scores with friends on all Sporcle quizzes.
OR
Log In

You Might Also Like...

Show Comments

Extras

Top Quizzes Today


Score Distribution

Your Account Isn't Verified!

In order to create a playlist on Sporcle, you need to verify the email address you used during registration. Go to your Sporcle Settings to finish the process.

Report this User

Report this user for behavior that violates our Community Guidelines.

Details: